| 000 | 00544 a2200193 4500 | ||
|---|---|---|---|
| 005 | 20260128102258.0 | ||
| 008 | 260127b |||||||| |||| 00| 0 eng d | ||
| 020 |
_a9781839161438 _c£ 24.00 |
||
| 040 | _aMAIN | ||
| 082 |
_a363.259 _bH184P |
||
| 100 | _aHamnett, Hilary | ||
| 245 | _aPoisonous tales: A forensic examination of poisons in fiction | ||
| 260 |
_bRoyal Society of Chemistry _c2023 _aCroydon |
||
| 300 | _axlvii, 291 | ||
| 650 | _aForensic Science | ||
| 650 | _aForensic Taxicology | ||
| 650 | _aPoisons | ||
| 942 | _cBK | ||
| 999 |
_c394387 _d394387 |
||